Handbuch der Lebensmittelchemie Band VII. Alkoholische Genussmittel
Enregistré dans:
| Format: | Livre |
|---|---|
| Langue: | allemand |
| Publié: |
Berlin
Springer-Verlag
1968
|
| Sujets: | |
| Accès en ligne: | Voir à l'OPAC |
| Tags: |
Pas de tags, Soyez le premier à ajouter un tag!
|
MARC
| LEADER | 00000nam a2200000 a 4500 | ||
|---|---|---|---|
| 005 | 20260127134136.0 | ||
| 008 | 090518 1968 gw 000 0 ger d | ||
| 035 | |a vtls009513560 | ||
| 039 | 9 | |y 200905180901 |z mschk03 | |
| 040 | |a STUSCHK1 |b slo |c STUSCHK1 |e AACR2 | ||
| 245 | 1 | |a Handbuch der Lebensmittelchemie |n Band VII. Alkoholische Genussmittel | |
| 260 | |a Berlin |b Springer-Verlag |c 1968 | ||
| 300 | |a xix, 742 s. |b il. |c 25 cm | ||
| 650 | 0 | |a alkohol | |
| 650 | 0 | |a genussmittel | |
| 910 | |a SCHK95 | ||
| 999 | |c 5039 |d 5039 | ||